| 000 | 00997cam a22002655a 4500 | ||
|---|---|---|---|
| 999 |
_c126705 _d126705 |
||
| 001 | 198933 | ||
| 003 | ARRUPE | ||
| 005 | 20170821100743.0 | ||
| 008 | 981210s1997 rh a b 001 0 eng | ||
| 010 | _a 98982448 | ||
| 020 | _a0949229423 | ||
| 040 |
_aDLC _cDLC |
||
| 042 | _alcode | ||
| 050 | 0 | 0 |
_aPR9346 _b.M295 1997 |
| 245 | 0 | 0 |
_aMany people, many voices : _ban O-level poetry anthology adapted for examination purposes by the Zimbabwe School Examination Council / _cselected and compiled by Ellen Machingaidze ... [et al.]. |
| 260 |
_aHarare : _bAcademic Books, _c1997. |
||
| 300 |
_axx, 161 p. : _bill. ; _c24 cm. |
||
| 504 | _aIncludes bibliographical references (p. 157-158) and index. | ||
| 650 | 0 |
_aPoetry, Africa _xAnthropology _934923 |
|
| 700 | 1 |
_aMachingaidze, Ellen.[et al.] _eed. _934924 |
|
| 710 | 2 |
_aZimbabwe School Examination Council. _934925 |
|
| 906 |
_a7 _bcbc _corigode _d3 _encip _f19 _gy-gencatlg |
||
| 942 |
_2lcc _cMONOGRAPH |
||